000 01372nam a22003617a 4500
003 CHAP
005 20220329134554.0
008 971013s1968 r 00010 d
010 _a22387
011 _a23359
035 _a27455
040 _cCHAP
082 _a333.72
_bD4
245 _aDesarrollo de los recursos hidráulicos en los valles centrales de Oaxaca, Oax.
260 _aOaxaca, Oax. :
_b(s.e.),
_c1968
300 _av.
_b: ilus.
490 _aEstudios de los recursos del estado de Oaxaca
500 _aLa biblioteca tiene : Apénd. 13 : Enfoque preliminar para determinar la favorabilidad agrícola de un año hidrológico en los valles centrales de Oaxaca, por Bruno V. Ferrari Bono
590 _aBATCH-UPD
_b10
_c20130110
_lUCH01
_h1145
590 _aBATCH-UPD
_b10
_c20130410
_lUCH01
_h0731
590 _aBATCH-UPD
_b10
_c20130914
_lUCH01
_h0048
590 _aCONVERSION
_b10
_c20130109
_lUCH01
_h1313
650 1 4 _aAgricultura
_xOaxaca.
_91756
650 1 4 _aCultivos y clima.
_930392
650 1 4 _aLluvia
_xOaxaca.
_967332
650 1 4 _aRecursos hidráulicos
_xOaxaca.
_995119
650 1 4 _aRecursos naturales
_zOaxaca.
_995332
700 0 _aFerrari Bono, Bruno V.
_940371
830 0 _aEstudios de los recursos del estado de Oaxaca
_938522
901 _aBK
942 _cLIBRO
949 _a333.72 D4
_bBC
_cLIBRO
_d33724000341830
_eLIBRO
_h14241
_i27455
_si
999 _c22387
_d22387